| 000 | 00440nam a22001337a 4500 | ||
|---|---|---|---|
| 008 | 230626b |||||||| |||| 00| 0 eng d | ||
| 040 |
_aNational Science Library _cNational Science Library |
||
| 080 |
_aR 616-03(036) _bN6 |
||
| 245 |
_aMedical advisor: _bThe complete guide to alternative & conventional treatments |
||
| 260 |
_aVirginia: _bThe Editors of Time-Life Books, |
||
| 300 | _a1152p. | ||
| 650 | _aMedical | ||
| 942 |
_2udc _cREF |
||
| 999 |
_c47340 _d47340 |
||